The complete book on jute and coir products : (Record no. 143883)

MARC details
000 -LEADER
fixed length control field 00580nam a22001697a 4500
005 - DATE AND TIME OF LATEST TRANSACTION
control field 20181217154608.0
010 ## - LCCN (DPL NO)
LC control number ENG-120148
020 ## - INTERNATIONAL STANDARD BOOK NUMBER
Terms of availability 1175.00
International Standard Book Number 9789381039625
035 ## - SYSTEM CONTROL NUMBER
System control number EN-102680
037 ## - SOURCE OF ACQUISITION
Source of stock number/acquisition DBAD/PUB
082 ## - DEWEY DECIMAL CLASSIFICATION NUMBER
Classification number 677.18 THE
245 ## - TITLE STATEMENT
Title The complete book on jute and coir products :
Statement of responsibility, etc by NPCS Board of Consultants & Engineers
Remainder of title with cultivation and processing /
260 ## - PUBLICATION, DISTRIBUTION, ETC. (IMPRINT)
Place of publication, distribution, etc Delhi
Name of publisher, distributor, etc NIIR Project Consultancy Services
Date of publication, distribution, etc 2016
270 ## - ADDRESS
City Delhi
Postal code 110007
Address 106 - A, Kamla Nagar
300 ## - PHYSICAL DESCRIPTION
Extent 310p.
Dimensions 21cm(pbk)
Other physical details ill
942 ## - ADDED ENTRY ELEMENTS (KOHA)
Source of classification or shelving scheme Dewey Decimal Classification
Item type English Books
Call number suffix THE
Classification part 677.18
Holdings
Withdrawn status Lost status Not for loan Collection code Home library Current library Date acquired Source of acquisition Cost, normal purchase price Full call number Barcode Copy number Cost, replacement price Koha item type
    Not For Loan Non-fiction D.B.Act.Division Bawana 29/08/2017 DBAD/PUB 1175.00 677.18 THE EN-103680 1 1175.00 English Books

© Delhi Public Library
Hit Counter
free hit counter